|
|
|
|
| LEADER |
01616nam a22003614a 4500 |
| 001 |
EBC3001796 |
| 003 |
MiAaPQ |
| 005 |
20200520144314.0 |
| 006 |
m o d | |
| 007 |
cr cn||||||||| |
| 008 |
030306s2003 nyua sb 001 0 eng |
| 020 |
|
|
|z 0814405649
|
| 035 |
|
|
|a (MiAaPQ)EBC3001796
|
| 035 |
|
|
|a (Au-PeEL)EBL3001796
|
| 035 |
|
|
|a (CaPaEBR)ebr10075597
|
| 035 |
|
|
|a (CaONFJC)MIL928792
|
| 035 |
|
|
|a (OCoLC)923565287
|
| 040 |
|
|
|a MiAaPQ
|c MiAaPQ
|d MiAaPQ
|
| 050 |
|
4 |
|a HG4028.V3
|b T76 2003
|
| 082 |
0 |
4 |
|a 658.15
|2 21
|
| 100 |
1 |
|
|a Trotta, Raymond J.
|
| 245 |
1 |
0 |
|a Translating strategy into shareholder value
|h [electronic resource] :
|b a company-wide approach to value creation /
|c Raymond J. Trotta.
|
| 260 |
|
|
|a New York :
|b American Management Association,
|c c2003.
|
| 300 |
|
|
|a xvii, 270 p. :
|b ill.
|
| 504 |
|
|
|a Includes bibliographical references (p. 259-260) and index.
|
| 505 |
0 |
|
|a Value and value proposition -- External strategic alternatives -- Internal strategic alternatives -- The economic filter -- The strategic filter -- Introduction operational filter -- DuPont model -- Activity-based management -- Regression analysis -- Components of value -- Valuation.
|
| 533 |
|
|
|a Electronic reproduction. Ann Arbor, MI : ProQuest, 2015. Available via World Wide Web. Access may be limited to ProQuest affiliated libraries.
|
| 650 |
|
0 |
|a Corporations
|x Finance.
|
| 650 |
|
0 |
|a Corporations
|x Valuation.
|
| 650 |
|
0 |
|a Value.
|
| 655 |
|
4 |
|a Electronic books.
|
| 710 |
2 |
|
|a ProQuest (Firm)
|
| 856 |
4 |
0 |
|u https://ebookcentral.proquest.com/lib/matrademy/detail.action?docID=3001796
|z Click to View
|